<?xml version="1.0" encoding="UTF-8"?>
<record
    xmlns:xsi="http://www.w3.org/2001/XMLSchema-instance"
    xsi:schemaLocation="http://www.loc.gov/MARC21/slim http://www.loc.gov/standards/marcxml/schema/MARC21slim.xsd"
    xmlns="http://www.loc.gov/MARC21/slim">

  <leader>00558nam a22001817i 4500</leader>
  <controlfield tag="001">IT\ICCU\UBO\3330640</controlfield>
  <controlfield tag="003">ItRI</controlfield>
  <controlfield tag="005">20260115232257.0</controlfield>
  <controlfield tag="008">071128s1994    it ||||||    ||||| |||||c</controlfield>
  <datafield tag="040" ind1=" " ind2=" ">
    <subfield code="b">ita</subfield>
    <subfield code="c">importazione bologna sebina</subfield>
  </datafield>
  <datafield tag="041" ind1=" " ind2="7">
    <subfield code="a">ita</subfield>
    <subfield code="2">ISO-639-2</subfield>
  </datafield>
  <datafield tag="100" ind1="1" ind2=" ">
    <subfield code="a">Chiavari, Gian Marco</subfield>
    <subfield code="0">IT\ICCU\CFIV\139617</subfield>
    <subfield code="4">aut</subfield>
  </datafield>
  <datafield tag="245" ind1="1" ind2="0">
    <subfield code="a">Lampadine scoppiate /</subfield>
    <subfield code="c">Gian Marco Chiavari.</subfield>
  </datafield>
  <datafield tag="260" ind1=" " ind2=" ">
    <subfield code="a">[Viterbo] :</subfield>
    <subfield code="b">Stampa alternativa,</subfield>
    <subfield code="c">s1994</subfield>
  </datafield>
  <datafield tag="300" ind1=" " ind2=" ">
    <subfield code="a">1 v. :</subfield>
    <subfield code="b">ill. ;</subfield>
    <subfield code="c">14 cm.</subfield>
  </datafield>
  <datafield tag="830" ind1=" " ind2="0">
    <subfield code="a">Millelire</subfield>
    <subfield code="0">IT\ICCU\RAV\0186200</subfield>
  </datafield>
  <datafield tag="942" ind1=" " ind2=" ">
    <subfield code="2">ddc</subfield>
    <subfield code="c">BK</subfield>
    <subfield code="n">0</subfield>
  </datafield>
  <datafield tag="999" ind1=" " ind2=" ">
    <subfield code="c">19974</subfield>
    <subfield code="d">19974</subfield>
  </datafield>
  <datafield tag="952" ind1=" " ind2=" ">
    <subfield code="0">0</subfield>
    <subfield code="1">0</subfield>
    <subfield code="4">0</subfield>
    <subfield code="7">0</subfield>
    <subfield code="a">BO</subfield>
    <subfield code="b">BO</subfield>
    <subfield code="d">2026-01-15</subfield>
    <subfield code="i">11584</subfield>
    <subfield code="l">0</subfield>
    <subfield code="o">DOC 853.914 CHI</subfield>
    <subfield code="p">BO11584</subfield>
    <subfield code="r">2026-01-15 23:22:57</subfield>
    <subfield code="w">2026-01-15</subfield>
    <subfield code="y">BK</subfield>
    <subfield code="z">1 v.</subfield>
  </datafield>
</record>
